[Event "Pardubice Czech op-A 30th"]
[Site "Pardubice"]
[Date "2019.07.24"]
[Round "6"]
[White "Haring, Viktor"]
[Black "Dev, Shah"]
[Result "0-1"]
[WhiteElo "2278"]
[BlackElo "2147"]
[PlyCount "74"]
[EventDate "2019.07.19"]
[EventType "swiss"]
[EventRounds "9"]
[EventCountry "CZE"]
[SourceTitle "CBM 191"]
[Source "ChessBase"]
[SourceDate "2019.08.31"]
[SourceVersion "1"]
[SourceVersionDate "2019.08.31"]
[SourceQuality "1"]

1. e4 e5 2. Nf3 Nc6 3. Bb5 a6 4. Ba4 Nf6 5. 0-0 Be7 6. Re1 b5 7. Bb3 d6 8. c3 0-0 9. h3 Na5 10. Bc2 c5 11. d4 Nd7 12. d5 Nb6 13. b4 Nb7 14. Na3 Bd7 15. Bb1 a5 16. Nc2 g6 17. Bh6 Re8 18. Ne3 Qc7 19. Ng4 f6 20. Nd2 Nd8 21. bxc5 dxc5 22. f4 Bxg4 23. Qxg4 Nf7 24. fxe5 Nxh6 25. Qe6+ Nf7 26. d6 Bxd6 27. exd6 Qxd6 28. Qxd6 Nxd6 29. Bd3 c4 30. Bf1 Na4 31. Re3 Rac8 32. Rb1 Rc5 33. Kf2 Rce5 34. g4 Nc5 35. Bg2 f5 36. gxf5 gxf5 37. Rg3+ Kh8 0-1